000 00227nam a2200097Ia 4500
001 814165
005 20250826171632.0
008 250824s9999 xx 000 0 und d
245 0 _aHUVAVA
_cAYLA KUTLU
260 _bBİLGİ YAYINLARI
999 _c814165
_d814165